Countries with the Highest Obesity Rate A-Z - Statistics

General Stats
  • This quiz has been taken 35 times
  • The average score is 17 of 24
Answer Stats
Letter Obesity Rate (%) Answer % Correct
U 36.2 United States
97%
O 27 Oman
91%
Q 35.1 Qatar
91%
Y 17.1 Yemen
88%
N 61 Nauru
81%
A 29 Australia
78%
R 23.1 Russia
78%
P 55.3 Palau
75%
V 25.6 Venezuela
75%
Z 15.5 Zimbabwe
75%
H 26.4 Hungary
72%
J 35.5 Jordan
69%
K 46 Kiribati
69%
M 52.9 Marshall Islands
69%
S 47.3 Samoa
69%
T 51.6 Tuvalu
69%
C 29.4 Canada
66%
E 32 Egypt
59%
I 30.4 Iraq
59%
F 45.8 Federated States of Micronesia
56%
G 24.9 Greece
53%
B 31.6 Bahamas
47%
L 32.5 Libya
47%
D 27.9 Dominica
44%
No matching quizzes found
Score Distribution
Percent of People with Each Score
Percentile by Number Answered
Your Score History
You have not taken this quiz